000 01387pam a2200349 a 4500
001 103370
005 20230410143537.0
008 910814s1992 nyua b 101 0 eng
035 _a2961148
010 _a 91031907
020 _a0195071700 (alk. paper)
040 _aDLC
_cDLC
_dDLC
050 1 4 _aT 49.5
_bI62 1992
245 0 0 _aInventive minds :
_bcreativity in technology /
_cedited by Robert J. Weber, David N. Perkins.
260 _aNew York :
_bOxford University Press,
_c1992.
300 _ax, 350 p. :
_bill. ;
_c25 cm.
500 _aPapers presented at the Inventive Minds Conference, held in Tulsa, Okla. Nov. 3-5, 1989.
504 _aIncludes bibliographical references and index.
650 0 _aCreative ability in technology
_xCongresses.
650 0 _aCreative thinking
_xCongresses.
650 0 _aInventions
_xCongresses.
650 4 _aLa capacidad creativa en tecnologĂ­a
_xCongresos.
650 4 _aCreativas de pensamientos
_xCongresos.
650 4 _aInvenciones
_ x Congresos.
650 4 _aPrimera Jornada de Catalogacion
700 1 _aWeber, Robert J.
_q(Robert John),
_d1936-
700 1 _aPerkins, David N.
856 4 2 _3Publisher description
_uhttp://www.loc.gov/catdir/enhancements/fy0604/91031907-d.html
856 4 1 _3Table of contents only
_uhttp://www.loc.gov/catdir/enhancements/fy0604/91031907-t.html
942 _2lcc
_cbk
946 _aNBM
999 _c103604
_d103604